| 000 | 00526nam a22001577a 4500 | ||
|---|---|---|---|
| 005 | 20221116133150.0 | ||
| 040 | _curs | ||
| 050 | _aPL 6055 S56 2001 | ||
| 245 |
_aSining ng pakikipagtalastasan _bFilipino 1 _cAlcomtiser P. Tumangan, Sr. [et al.] |
||
| 260 |
_aMakati City _bGrandwater Publications and Research Corporation _c2001 |
||
| 336 |
_2rdacontent _atext _btxt |
||
| 337 |
_2rdamedia _aunmediated _bn |
||
| 338 |
_2rdacarrier _avolume _bnc |
||
| 650 | 0 |
_952 _aFilipino language _xStudy and teaching (Higher). |
|
| 942 |
_2lcc _cF |
||
| 999 |
_c59404 _d59404 |
||